000 00376nam a2200145Ia 4500
008 150301s2015 xx 000 0 und d
082 _a610.7
_bC15I
100 _aIWASIW,CARROLL L.
245 _aCURRICULUM DEVELOPMENT IN NURSING EDUCATION
250 _a3RD
260 _bJONES & BARTEETT.INDIA
_c2015
300 _a451
650 _aCURRICULUM DEVELOPMENT
942 _2ddc
_cBK
999 _c6815
_d6815